<?xml version="1.0" encoding="UTF-8"?>
<collection xmlns="http://www.loc.gov/MARC21/slim">
<record>
  <controlfield tag="001">118586</controlfield>
  <controlfield tag="005">20220916124054.0</controlfield>
  <datafield tag="037" ind1=" " ind2=" ">
    <subfield code="a">TAZ-TFG-2022-1314</subfield>
  </datafield>
  <datafield tag="041" ind1=" " ind2=" ">
    <subfield code="a">spa</subfield>
  </datafield>
  <datafield tag="100" ind1="1" ind2=" ">
    <subfield code="a">Ruiz Gazulla, Alejandra</subfield>
  </datafield>
  <datafield tag="242" ind1="0" ind2="0">
    <subfield code="a">Alternative ways of financing Small and Medium Enterprises</subfield>
  </datafield>
  <datafield tag="245" ind1="0" ind2="0">
    <subfield code="a">Formas alternativas de financiar pequeñas y medianas empresas</subfield>
  </datafield>
  <datafield tag="260" ind1=" " ind2=" ">
    <subfield code="a">Zaragoza</subfield>
    <subfield code="b">Universidad de Zaragoza</subfield>
    <subfield code="c">2022</subfield>
  </datafield>
  <datafield tag="506" ind1=" " ind2=" ">
    <subfield code="a">by-nc-sa</subfield>
    <subfield code="b">Creative Commons</subfield>
    <subfield code="c">3.0</subfield>
    <subfield code="u">http://creativecommons.org/licenses/by-nc-sa/3.0/</subfield>
  </datafield>
  <datafield tag="520" ind1=" " ind2=" ">
    <subfield code="a">En este documento, se mostrará al lector que el mercado de crowdfunding actualmente &lt;br />no es grande en comparación con la cantidad de préstamos otorgados por los bancos, pero &lt;br />que la cantidad de préstamos a través de plataformas crowdfunding está creciendo año &lt;br />tras año. En 2020, ya había 8.400 millones de dólares en préstamos a través de &lt;br />crowdfunding pendientes en Europa y esto crecería a más de 10.500 millones de dólares &lt;br />para 2026. Comenzar y operar una plataforma de crowdfunding puede ser muy lucrativo, &lt;br />pero está estrictamente controlado por el gobierno a nivel nacional y europeo.&lt;br />Los países que actualmente están más avanzados en cuanto a volumen de préstamos y &lt;br />número de plataformas son España y Holanda. Para las propias PYMES, los préstamos &lt;br />entre particulares también son una muy buena solución porque permiten una distribución &lt;br />más equitativa de la financiación, lo que en algunos países no ocurre a través del sistema &lt;br />bancario tradicional. También es una buena solución para los inversores porque pueden &lt;br />prestar dinero por una pequeña cantidad a una empresa en la que confían. Además, la &lt;br />rentabilidad que se consigue es mucho más interesante que dejar el dinero en una cuenta &lt;br />de ahorros o corriente.&lt;br />&lt;br /></subfield>
  </datafield>
  <datafield tag="521" ind1=" " ind2=" ">
    <subfield code="a">Graduado en Administración y Dirección de Empresas</subfield>
  </datafield>
  <datafield tag="540" ind1=" " ind2=" ">
    <subfield code="a">Derechos regulados por licencia Creative Commons</subfield>
  </datafield>
  <datafield tag="700" ind1=" " ind2=" ">
    <subfield code="a">Yetano Sánchez de Muniaín, Ana</subfield>
    <subfield code="e">dir.</subfield>
  </datafield>
  <datafield tag="710" ind1="2" ind2=" ">
    <subfield code="a">Universidad de Zaragoza</subfield>
    <subfield code="b"> </subfield>
    <subfield code="c"></subfield>
  </datafield>
  <datafield tag="856" ind1="0" ind2=" ">
    <subfield code="f">775611@unizar.es</subfield>
  </datafield>
  <datafield tag="856" ind1="4" ind2=" ">
    <subfield code="s">594362</subfield>
    <subfield code="u">http://zaguan.unizar.es/record/118586/files/TAZ-TFG-2022-1314.pdf</subfield>
    <subfield code="y">Memoria (spa)</subfield>
  </datafield>
  <datafield tag="909" ind1="C" ind2="O">
    <subfield code="o">oai:zaguan.unizar.es:118586</subfield>
    <subfield code="p">driver</subfield>
    <subfield code="p">trabajos-fin-grado</subfield>
  </datafield>
  <datafield tag="950" ind1=" " ind2=" ">
    <subfield code="a"></subfield>
  </datafield>
  <datafield tag="980" ind1=" " ind2=" ">
    <subfield code="a">TAZ</subfield>
    <subfield code="b">TFG</subfield>
    <subfield code="c">ECON</subfield>
  </datafield>
  <datafield tag="999" ind1=" " ind2=" ">
    <subfield code="a">20220613190227.CREATION_DATE</subfield>
  </datafield>
  <datafield tag="951" ind1=" " ind2=" ">
    <subfield code="a">deposita:2022-09-16</subfield>
  </datafield>
</record>
</collection>